MARC details
| 000 -CABECERA |
| campo de control de longitud fija |
02544cam a2200277 i 4500 |
| 001 - NÚMERO DE CONTROL |
| campo de control |
17365299 |
| 005 - FECHA Y HORA DE LA ÚLTIMA TRANSACCIÓN |
| campo de control |
20250827141908.0 |
| 008 - DATOS DE LONGITUD FIJA--INFORMACIÓN GENERAL |
| campo de control de longitud fija |
240401s2024 sp 000 f spa c |
| 020 ## - NÚMERO INTERNACIONAL ESTÁNDAR DEL LIBRO |
| Número Internacional Estándar del Libro |
9788433924056 |
| 035 ## - NÚMERO DE CONTROL DEL SISTEMA |
| Número de control de sistema |
(OCoLC)on1432693375 |
| 035 ## - NÚMERO DE CONTROL DEL SISTEMA |
| Número de control de sistema |
17365299 |
| 040 ## - FUENTE DE LA CATALOGACIÓN |
| Centro catalogador/agencia de origen |
IBEAM |
| Lengua de catalogación |
eng |
| Normas de descripción |
rda |
| Centro/agencia transcriptor |
IBEAM |
| Centro/agencia modificador |
BDX |
| -- |
YDX |
| -- |
NOC |
| 041 ## - CÓDIGO DE LENGUA |
| Código de lengua del texto/banda sonora o título independiente |
Spanish |
| 042 ## - CÃDIGO DE AUTENTICACIÃN |
| Código de autenticación |
pcc |
| 050 #4 - SIGNATURA TOPOGRÁFICA DE LA BIBLIOTECA DEL CONGRESO |
| Número de clasificación |
PQ7798.418.A79 |
| Número de documento/Ítem |
P47 2024 |
| 100 ## - ENTRADA PRINCIPAL--NOMBRE DE PERSONA |
| Nombre de persona |
Harwicz, Ariana, |
| Fechas asociadas al nombre |
1977- |
| Término indicativo de función/relación |
author. |
| Número de control del registro de autoridad o número normalizado |
http://id.loc.gov/authorities/names/no2015065005 |
| 245 10 - MENCIÓN DE TÍTULO |
| Título |
Perder el juicio |
| Mención de responsabilidad, etc. |
/ Ariana Harwicz. |
| 264 #1 - PRODUCCIÓN, PUBLICACIÓN, DISTRIBUCIÓN, FABRICACIÓN Y COPYRIGHT |
| Producción, publicación, distribución, fabricación y copyright |
Barcelona : |
| Nombre del de productor, editor, distribuidor, fabricante |
Editorial Anagrama, |
| Fecha de producción, publicación, distribución, fabricación o copyright |
2024. |
| 300 ## - DESCRIPCIÓN FÍSICA |
| Extensión |
133 pages ; |
| Dimensiones |
22 cm. |
| 490 1# - MENCIÓN DE SERIE |
| Mención de serie |
Narrativas hispánicas ; |
| Designación de volumen o secuencia |
736 |
| 520 ## - SUMARIO, ETC. |
| Sumario, etc. |
Los seres humanos piensan que saben de qué son capaces. Creen que no podrían escapar de los policías, que nunca le harían mal a un niño. Yo no podría matar a mis padres; hagan lo que hagan, me dieron la vida. O yo no llegaría jamás hasta la violación. No sería capaz de acelerar al volante en un puente con mis hijos en el auto y caer al vacío. Pero todo eso lo decimos antes; no somos capaces, es cierto, nos resulta impensable el crimen, hasta que pasamos al acto.<br/><br/>Perder el juicio cuenta la historia de un robo, de una apropiación, de un incendio provocado. Esta obra es el viaje de un secuestro donde la vida es vista como el armado de una evasión. Como dice Harwicz, se escribe una novela cuando se está en desacuerdo con el sentido de las palabras, cuando dejar de mentir es imposible. |
| 520 ## - SUMARIO, ETC. |
| Sumario, etc. |
Human beings think they know what they are capable of. They believe they could never outrun the police, that they would never harm a child. I could never kill my parents; whatever they did, they gave me life. Or: I would never go as far as rape. I would never be capable of pressing down on the accelerator, driving across a bridge with my children in the car, and plunging into the void. But all this we say beforehand; it is true that we are not capable, that crime seems unthinkable — until the moment we act.<br/><br/>Perder el juicio tells the story of a theft, of an appropriation, of an act of arson. It is the journey of a kidnapping in which life is seen as the construction of an escape. As Harwicz puts it: a novel is written when one is at odds with the meaning of words, when it becomes impossible to stop lying. |
| 650 #0 - PUNTO DE ACCESO ADICIONAL DE MATERIA--TÉRMINO DE MATERIA |
| Término de materia o nombre geográfico como elemento de entrada |
Kidnapping |
| Subdivisión de forma |
Fiction. |
| Número de control del registro de autoridad o número normalizado |
http://id.loc.gov/authorities/subjects/sh2008106302 |
| 830 #0 - PUNTO DE ACCESO ADICIONAL DE SERIE-TÍTULO UNIFORME |
| Título uniforme |
Narrativas hispánicas ; |
| Designación de volumen o secuencia |
736. |
| Número de control del registro de autoridad o número normalizado |
http://id.loc.gov/authorities/names/n84733961 |
| 942 ## - ELEMENTOS DE ENTRADA AGREGADA (KOHA) |
| Fuente del sistema de clasificación o colocación |
Clasificación de Library of Congress |